FIFA 13 - FIFA 11 Piłkarze oceniani na 90+ - Statystyki

Ogólne statystyki
  • Ten quiz został rozwiązany 111 razy
  • Średni wynik to 10 z 11
Statystyki odpowiedzi
Gra Ocena Ogólna Drużyna Piłkarz % Poprawnych
FIFA 13 92 Cristiano Ronaldo
100%
FIFA 12 92 Cristiano Ronaldo
100%
FIFA 13 94 Lionel Messi
100%
FIFA 12 94 Lionel Messi
100%
FIFA 11 90 Lionel Messi
100%
FIFA 13 90 Xavi
90%
FIFA 12 92 Xavi
90%
FIFA 13 90 Andres Iniesta
89%
FIFA 12 90 Andres Iniesta
89%
FIFA 12 90 Arjen Robben
86%
FIFA 13 90 Franck Ribery
84%
Nie znaleziono quizów pasujących do podanych kryteriów
Rozkład punktacji
Procent ludzi z każdym wynikiem
Percentyl według liczby udzielonych odpowiedzi
Twoja historia wyników
Nie rozwiązałeś tego quizu